[Event "Wch U14 Girls"]
[Site "Mamaia"]
[Date "2022.09.14"]
[Round "9"]
[White "Gaszka, Zuzanna"]
[Black "Stefan, Iulia Cristiana"]
[Result "1-0"]
[WhiteElo "1639"]
[BlackElo "1680"]
[PlyCount "59"]
[EventDate "2022.09.06"]
[EventType "swiss"]
[EventRounds "11"]
[EventCountry "ROU"]
[SourceTitle "CBM 210 Extra"]
[Source "ChessBase"]
[SourceDate "2022.11.30"]
[SourceVersion "1"]
[SourceVersionDate "2022.11.30"]
[SourceQuality "1"]

1. e4 d6 2. d4 Nf6 3. Nc3 g6 4. f4 Bg7 5. Nf3 0-0 6. Bd3 Nc6 7. e5 dxe5 8. fxe5 Nh5 9. Be3 Bg4 10. Be2 f6 11. exf6 Bxf6 12. d5 Nb8 13. 0-0 Nd7 14. Nd4 Bxe2 15. Ncxe2 Ng7 16. Bh6 Bxd4+ 17. Nxd4 Rxf1+ 18. Qxf1 Qf8 19. Qe2 Qf6 20. Bxg7 Qxg7 21. c3 Nb6 22. Ne6 Qf6 23. Rf1 Qh4 24. Qf3 Qh6 25. Qf7+ Kh8 26. Nxc7 Qe3+ 27. Kh1 Rg8 28. Ne6 Qh6 29. d6 Nd7 30. dxe7 1-0

[Event "Wch U14 Girls"]
[Site "Mamaia"]
[Date "2022.09.13"]
[Round "8"]
[White "Rouda Essa, Alserkal"]
[Black "Gaszka, Zuzanna"]
[Result "0-1"]
[WhiteElo "1893"]
[BlackElo "1639"]
[PlyCount "65"]
[EventDate "2022.09.06"]
[EventType "swiss"]
[EventRounds "11"]
[EventCountry "ROU"]
[SourceTitle "CBM 210 Extra"]
[Source "ChessBase"]
[SourceDate "2022.11.30"]
[SourceVersion "1"]
[SourceVersionDate "2022.11.30"]
[SourceQuality "1"]

1. e4 e5 2. Nf3 Nc6 3. Bb5 a6 4. Ba4 Nf6 5. 0-0 Be7 6. Re1 b5 7. Bb3 0-0 8. a4 b4 9. d4 d6 10. dxe5 Nxe5 11. Bf4 Ng6 12. Bg3 Bg4 13. h3 Bxf3 14. Qxf3 Nd7 15. Nd2 Bf6 16. Rab1 Nge5 17. Qe3 Rb8 18. f4 Nc6 19. Nf3 Be7 20. Kh1 Na5 21. Ba2 Nc5 22. Nd4 Nxa4 23. e5 dxe5 24. Qxe5 c5 25. Ne6 fxe6 26. Qxe6+ Kh8 27. Rbd1 Qe8 28. Rd7 Bf6 29. Qd5 Qg6 30. Kh2 Nb6 31. f5 Qxg3+ 32. Kxg3 Nxd5 33. Rxd5 0-1

[Event "EU-ch Hybrid U12 Girls"]
[Site "Tornelo INT"]
[Date "2021.10.15"]
[Round "2"]
[White "Heibo, Amalie Linnea"]
[Black "Gaszka, Zuzanna"]
[Result "0-1"]
[WhiteElo "1187"]
[BlackElo "1695"]
[PlyCount "88"]
[EventDate "2021.10.15"]
[EventType "swiss"]
[EventRounds "9"]
[EventCountry "NET"]
[SourceTitle "EXT 2023"]
[Source "ChessBase"]
[SourceDate "2022.10.05"]
[SourceVersion "1"]
[SourceVersionDate "2022.10.05"]
[SourceQuality "1"]
[WhiteTeam "Norway"]
[BlackTeam "Poland"]
[WhiteTeamCountry "NOR"]
[BlackTeamCountry "POL"]

1. d4 Nf6 2. c4 g6 3. Nc3 Bg7 4. Nf3 0-0 5. Bf4 c5 6. e3 cxd4 7. exd4 d5 8. c5 b6 9. cxb6 Qxb6 10. Qd2 Nc6 11. h3 Ne4 12. Qc1 Nxd4 13. Nxd4 Bxd4 14. Be3 Bxe3 15. fxe3 Qd6 16. Nxe4 dxe4 17. Qd2 Qxd2+ 18. Kxd2 Rd8+ 19. Kc2 Be6 20. Ba6 Bc8 21. Bb5 Bb7 22. Rad1 Rdc8+ 23. Kb1 Rc5 24. Be2 Rc7 25. Rc1 Rac8 26. a3 Bd5 27. Rhd1 Ba2+ 28. Kxa2 Rxc1 29. Rd7 R8c7 30. Rd8+ Kg7 31. g4 R1c2 32. Ba6 Rh2 33. Bf1 Rcc2 34. Rb8 Rc1 35. Ba6 Re1 36. Rb3 Rxh3 37. Bb7 Rhxe3 38. Ba6 Rxb3 39. Kxb3 Rd1 40. Kc2 Rd6 41. Bf1 e3 42. b4 Rd2+ 43. Kc1 e2 44. Bxe2 Rxe2 0-1

[Event "EU-ch Hybrid U12 Girls"]
[Site "Tornelo INT"]
[Date "2021.10.15"]
[Round "7"]
[White "Kuzmina, Varvara"]
[Black "Gaszka, Zuzanna"]
[Result "0-1"]
[WhiteElo "1465"]
[BlackElo "1695"]
[PlyCount "54"]
[EventDate "2021.10.15"]
[EventType "swiss"]
[EventRounds "9"]
[EventCountry "NET"]
[SourceTitle "EXT 2023"]
[Source "ChessBase"]
[SourceDate "2022.10.05"]
[SourceVersion "1"]
[SourceVersionDate "2022.10.05"]
[SourceQuality "1"]
[WhiteTeam "Russia"]
[BlackTeam "Poland"]
[WhiteTeamCountry "RUS"]
[BlackTeamCountry "POL"]

1. d4 Nf6 2. Nf3 g6 3. g3 Bg7 4. Bg2 0-0 5. c4 d6 6. Nc3 Nc6 7. 0-0 Bf5 8. Re1 Ne4 9. Nh4 Nxc3 10. bxc3 Bd7 11. e4 Na5 12. Qd3 c5 13. Rb1 cxd4 14. cxd4 Qc7 15. c5 dxc5 16. Bf4 Qc8 17. dxc5 Rd8 18. Red1 Nc6 19. Qb5 Nd4 20. Qxb7 Ne2+ 21. Kh1 Nc3 22. e5 Nxd1 23. c6 Bxc6 24. Bxc6 Rb8 25. Qxc8 Rbxc8 26. Ba4 Nc3 27. Rb4 a5 0-1

[Event "POL-ch U12 Girls"]
[Site "Uniejow"]
[Date "2021.07.19"]
[Round "1"]
[White "Wittych, Julia"]
[Black "Gaszka, Zuzanna"]
[Result "0-1"]
[WhiteElo "1107"]
[BlackElo "1474"]
[PlyCount "76"]
[EventDate "2021.07.18"]
[EventType "swiss"]
[EventRounds "9"]
[EventCountry "POL"]
[SourceTitle "EXT 2022"]
[Source "ChessBase"]
[SourceDate "2021.10.06"]
[SourceVersion "1"]
[SourceVersionDate "2021.10.06"]
[SourceQuality "1"]

1. e4 e5 2. Nf3 Nc6 3. d4 exd4 4. Bc4 Nf6 5. 0-0 Nxe4 6. Re1 d5 7. Bxd5 Qxd5 8. Nc3 Qa5 9. Nxe4 Be6 10. Neg5 0-0-0 11. Nxe6 fxe6 12. Rxe6 Be7 13. Ne5 Nxe5 14. Rxe7 d3 15. Bf4 Qb4 16. Rxe5 Qxf4 17. Re1 d2 18. Re2 Rhe8 19. Rxe8 Rxe8 20. Qf1 Qe4 21. g3 Qe1 22. Rxe1 Rxe1 23. Qxe1 dxe1Q+ 24. Kg2 Qe4+ 25. Kg1 Qxc2 26. b4 Qxa2 27. b5 Qb1+ 28. Kg2 Qxb5 29. Kg1 a5 30. Kg2 a4 31. h4 a3 32. Kg1 a2 33. Kh2 a1R 34. Kh3 Qe2 35. Kg2 Qf1+ 36. Kf3 Ra3+ 37. Ke4 Qc4+ 38. Ke5 Ra5# 0-1

[Event "POL-chT U20"]
[Site "Lublin"]
[Date "2021.07.04"]
[Round "9.6"]
[White "Tokarz, Izabela"]
[Black "Gaszka, Zuzanna"]
[Result "1-0"]
[WhiteElo "1621"]
[BlackElo "1474"]
[PlyCount "81"]
[EventDate "2021.06.26"]
[EventType "team-tourn"]
[EventRounds "9"]
[EventCountry "POL"]
[SourceTitle "CBM 203 Extra"]
[Source "ChessBase"]
[SourceDate "2021.09.30"]
[SourceVersion "1"]
[SourceVersionDate "2021.09.30"]
[SourceQuality "1"]
[WhiteTeam "Trzebinia UKS Hetman Koronny"]
[BlackTeam "Rybnik MKSz"]
[WhiteTeamCountry "POL"]
[BlackTeamCountry "POL"]

1. d4 Nf6 2. c4 g6 3. Nc3 Bg7 4. e4 d6 5. Be2 0-0 6. Bg5 c5 7. d5 h6 8. Bf4 e6 9. Qd2 exd5 10. exd5 Kh7 11. Nf3 Bf5 12. 0-0 Re8 13. h3 Na6 14. Bd3 Bxd3 15. Qxd3 Nb4 16. Qb1 Qb6 17. a3 Na6 18. Qc2 Nb8 19. Rab1 Nbd7 20. b4 Qa6 21. b5 Qb6 22. a4 Nh5 23. Bh2 Ne5 24. Nxe5 Bxe5 25. Bxe5 Rxe5 26. f4 Re7 27. f5 Ng3 28. fxg6+ fxg6 29. Rf6 Rg8 30. Qf2 Nf5 31. Re1 Rxe1+ 32. Qxe1 Qd8 33. Qe6 Rg7 34. Ne4 Qd7 35. Qxd7 Rxd7 36. Rxf5 gxf5 37. Nf6+ Kg6 38. Nxd7 f4 39. b6 a6 40. Nb8 a5 41. Nc6 1-0